Quizzes
Events
Quiz Creation
Community
Videos
Private Events
Remove Ads
Sign In
Join for FREE
Feedback
Dark Mode
Quiz Categories
Sports
Geography
Music
Movies
Television
Just For Fun
Miscellaneous
History
Literature
Language
Science
Gaming
Entertainment
Religion
Holiday
For Kids
Quiz Lab
Recent
Popular Today
Quiz Kudos Today
Editor Picks
Curator Picks
Quizzes by...
Day
Popularity
Type
Ratings
Length
Year
Community
Subscriptions
Recent Discussions
Orange Saloon
Badges
Playlists
Quests
Create
Leaderboards
Showdown
Live 5
Trivia Bingo
Activity
Puzzle Library
Sporcle Events
Private Events
Virtual Trivia
Globe League
Become a Host
Pub Owners
SporcleCon
Opinionation
Our Games
Videos
Blog
Mobile Apps
Partnerships
Remove Ads and Go Orange
Feedback
Language
Vocabulary
Begins and Ends
Definition
Spanish
French
German
Italian
Chinese
Latin
Translation
Japanese
Language
Vocabulary
Begins and Ends
Definition
Spanish
French
German
Italian
Chinese
Latin
Translation
Japanese
Random Quiz
Search Sporcle
×
Quiz Lab
Quiz Lab
Language
Spanish
Type answers that appear on an image
Type answers that appear on an image
Map
Best Score? Go Orange.
Versos Sencillos Verse XXIII by José Martí Stats
Can you fill in the Spanish words to José Martí's Versos Sencillos XXIII?
By
LisaSimpsonOH
4m
43 Questions
151 Plays
151 Plays
151 Plays
Comments
Comments
Give Quiz Kudos
Give Quiz Kudos
-
- Ratings
hide this ad
Replay
Link that replays current quiz
Next Quiz
Link to next quiz in quiz playlist
You Got
0%
They Got
Avg Score
31%
Avg Friend Score
Upgrade to see
Score Distribution
Jump to the score distribution portion of the page
Score
0/43
Timer
04:00
0
Plays Today
% Correct
la
64.4%
y
63.8%
A
59.7%
A
59.7%
de
50.3%
de
50.3%
de
50.3%
Yo
49.7%
Yo
49.7%
un
45%
un
45%
lo
40.9%
En
38.9%
en
38.9%
soy
38.9%
No
36.2%
Por
32.9%
me
31.5%
me
31.5%
quiero
28.9%
al
28.2%
del
24.2%
% Correct
como
22.8%
como
22.8%
morir
22.1%
morir
22.1%
mundo
20.1%
Sol!
20.1%
salir
19.5%
puerta
18.8%
natural:
18.8%
carro
18.1%
hojas
18.1%
verdes
18.1%
pongan
18.1%
bueno,
18.1%
bueno
18.1%
han
17.4%
cara
17.4%
oscuro
16.8%
traidor;
16.8%
Moriré
15.4%
llevar.
14.1%
Quiz Playlist
Details
Report
Send in Message
Add To Playlist
Map:
Type answers that appear on an image
Quiz Source
Last Updated: Aug 21, 2017
Quiz Scoreboard
CHALLENGE
Sign Up to Join the Scoreboard
Show All
Scores
Hide
Comments
May contain spoilers
Recently Published
College Basketball Coaching Resumes
by pancakes188
Sports
9m
Billboard Blitz: Fleetwood Mac
by CooCooCachoo
Music
15s
Presidents Visiting Landmarks
by Hejman
History
7m
More to Explore
Quiz From the Vault
Featured Blog Post
Where Did the Easter Bunny Come From?
hide this ad
You Might Also Like...
Tags
Spanish Quiz
Cuba
In Spanish
Poetry
Today's Top Quizzes in Language
Browse Language
hide this ad
Today's Top Quizzes in Spanish
Browse Spanish
Top Contributed Quizzes in Language
1
1-10 Letter F Words III
2
1-10 Letter G Words III
3
Alphabetize! : 'As' words
4
1-10 Letter H Words III
5
Order Up: Top 10 Most Native Spoken Languages
6
Celtic Nations in their Language
7
One Thing in Common: Italy
8
1-10 Letter I Words III
9
1-10 Letter J Words III
10
Weisst du, aus welchen Sprachen diese Wörter stammen?
Explore More
Trending Topics
Kpop
Crossword
NBA
Marvel
Anime
Disney
Harry Potter
Country
Soccer
The Office
Puzzle
NFL
WWE
Song
Pokémon
hide this ad
More By:
LisaSimpsonOH
Quiz
Plays
Rating
Category
Featured
Created
Who Am I? Film Actors and Actresses
125,703
4.49
Movies
Oct 28, 2015
Who Am I? Television Characters
120,044
4.40
Television
Nov 4, 2015
Sports by Equipment Click
114,333
4.26
Sports
Oct 8, 2016
Quick True/False: World Capitals
103,275
4.13
Geography
Sep 2, 2016
United States in 1790 Picture Click
88,492
4.81
History
Feb 10, 2016
Go to Creator's Profile
Score Distribution
Quiz Creator Spotlight
LisaSimpsonOH
Follow
Send a Message
Quizzes Created
-
Created Quiz Play Count
-
More By This Creator
Popular Quizzes Today
1
Find the US States - No Outlines Minefield
2
Find the Countries of Europe - No Outlines Minefield
3
The Countries of the World
4
Find the US States
5
Risky Map Clicking: Biggest States A-Z
6
US States
7
Popular People in 1961
8
Movies - When Are They Set?
More Language Quizzes
Double Letter Words (A-Z)
Published
Trending Quizzes
Risky Map Clicking: Least Populous States A-Z
1-10 Letter G Words
1-10 Letter F Words
Risky Map Clicking: Next State Alphabetically
Risky Map Clicking: Biggest States A-Z
Recently Updated
Leaping Animals
pecheneg
Reality TV Shows (A-Z)
bhenderson79
Rickey Henderson's Hall of Fame Teammates
pecheneg
Champions League XIs: Arsenal
pecheneg
Quick Pick: Celebrities in WWE's Hall of Fame
aduchscher
A-Z Keypad Blitz II
pecheneg
Multiple Oscar Actors
pecheneg
Mystery Phrase Blitz: Oscar 'Best Actors'
pecheneg
F. Scott Fitzgerald Novels
LTH
Pick 3 Villains
ddd62291
Trending Topics
Harry Potter
Crossword
Marvel
Disney
Anime
Kpop
NBA
Pokémon
The Office
WWE
Country
NFL
Soccer
Song
Puzzle
Your Account Isn't Verified!
In order to create a playlist on Sporcle, you need to verify the email address you used during registration. Go to your
Sporcle Settings
to finish the process.
Report this User
Report this user for behavior that violates our
Community Guidelines
.
Details:
Send Report
Go to the Sporcle.com Mobile Site →
Comments